Mecanismos revolucionarios de liberación en el tiempo principia en Xibalbá de Luis de Lión /

Este estudio analiza la dinámica social que se da entre los personajes de "El tiempo principia en Xibalbá" (1985), de Luis de Lión, para ilustrar los aspectos (neo)coloniales que excluyan y dividen a los xibaldeños. El análisis propone que la hibridez de los personajes funciona como cualid...

Disgrifiad llawn

Wedi'i Gadw mewn:
Manylion Llyfryddiaeth
Prif Awdur: Moreno Mosqueda, Zenaida
Fformat: Texto
Pynciau:
Tagiau: Ychwanegu Tag
Dim Tagiau, Byddwch y cyntaf i dagio'r cofnod hwn!

MARC

LEADER 00000 a a2200000 04500
001 41086
003
040
100 |a Moreno Mosqueda, Zenaida  
245 |a Mecanismos revolucionarios de liberación en el tiempo principia en Xibalbá de Luis de Lión /  |c Zenaida Morena Mosqueda  
500 |a morenoze@msu.edu  
520 |a Este estudio analiza la dinámica social que se da entre los personajes de "El tiempo principia en Xibalbá" (1985), de Luis de Lión, para ilustrar los aspectos (neo)coloniales que excluyan y dividen a los xibaldeños. El análisis propone que la hibridez de los personajes funciona como cualidad opresora y, posteriormente, como mecanismo redentor de la población indígena. La hibridez les permite a los hombres de Xibalbá disfrazar su deseo de liberarse del poder hegemónico. La atracción física que sienten los personajes por la Virgen de la Concepción real mente es un deseo por destruir el símbolo del poder hegemónico de los blancos. Este análisis concluye con la propuesta de que el tiempo principia en Xibalbá una vez que Concepción ha sido reemplazado por Concha, debido pues ésta simboliza el poder autóctono del pueblo.  
590 |a RRA/JUNIO2011  
650 |a COLONALISMO  
650 |a LITERATURA  
650 |a ANALISIS DE CONTENIDO  
650 |a GUATEMALA  
650 |a POBLACION INDIGENA  
773 |g volumen88, número2 (2009), páginas 125-132  
999 |c 23627  |d 23627